000 00630nam a2200229Ia 4500
003 OSt
005 20220918175824.0
006 a|||||r|||| 00| 0
007 ta
008 220917b |||||||| |||| 00| 0 eng d
024 _a19,116
037 _cTextual
040 _aARTS
_cARTS
_beng
041 _2eng
_aeng
082 _aO:2M88:9, K3
100 _aSmith Carol H
_954970
245 0 _aT S Eliot dramatic theory and practice
_b From Sewwney Agonistes to the elder statesman
260 _c1963
650 _aENGLISH LITERATURE
942 _hO:2M88:9, K3
_cTEXL
_2CC
999 _c159144
_d159144